| 000 | 01766nam2a2200265 4500 | ||
|---|---|---|---|
| 001 | rc\4099669 | ||
| 005 | 20260605153127.0 | ||
| 035 | _a(NLR Aleph) 007974588 | ||
| 090 |
_a8481119 _c8481119 |
||
| 100 | _a20130415d1960 km|y0rusy50 ba | ||
| 101 | 0 | _arus | |
| 102 | _aRU | ||
| 105 | _aab i 000yy | ||
| 200 | 1 |
_aБассейны рек Средней Азии _hВып. 0–4, 9 _iБассейны Аральского моря, оз. Иссык-Куль и Каспийского моря _f... Управление гидрометеорологической службы Узбекской ССР _gпод редакцией А. И. Аваряскина |
|
| 210 | _d1960 | ||
| 215 |
_a552, [3] с., [2] л. карт _cтабл. |
||
| 461 | 0 |
_1001RU\NLR\bibl\851916 _12001#$aГидрологический ежегодник, 1958 г.$e[результаты наблюдений]$fГлавное управление гидрометеорологической службы при Совете Министров СССР$gпод ред. А. М. Светличной$vТ. 5 _91418360 _cЛенинград [Санкт-Петербург] _d1960–1963 _fГлавное управление гидрометеорологической службы при Совете Министров СССР _nГИМИЗ _o[результаты наблюдений] _tГидрологический ежегодник, 1958 г. _vТ. 5 |
|
| 702 | 1 |
_aАваряскин _bА. И. _4340 |
|
| 712 | 0 | 1 |
_4570 _aУзССР _bУправление гидрометеорологической службы _9283865 _3RU\NLR\AUTH\8810197435 |
| 801 | 0 |
_aRU _bNLR _gpsbo |
|
| 801 | 1 |
_aRU _bELAR _2rusmarc |
|
| 852 |
_aNLR _j61-9/5 |
||
| 942 | _cBOOK | ||
| 980 | _aNB | ||